Les 30 jeux les plus téléchargés sur Switch en 2023 - Statistiques

Statistiques générales
  • Ce quiz a été pris 42 fois
  • Le résultat moyen est 5 sur 30
Statistiques - réponses
Rang Les 30 jeux les plus téléchargés de la Switch en 2023 % Correct
6 Mario Kart 8 Deluxe
80%
12 The Legend of Zelda: Breath of the Wild
63%
2 The Legend of Zelda: Tears of the Kingdom
57%
18 Minecraft
43%
16 Animal Crossing: New Horizons
40%
4 Super Mario Bros. Wonder
40%
27 Pokémon Ecarlate
34%
13 Pokémon Violet
31%
21 Super Smash Bros Ultimate
31%
7 Splatoon 3
29%
28 Nintendo Switch Sports
17%
29 Pikmin
14%
26 Pikmin 2
9%
3 Pikmin 4
9%
24 Among us
3%
10 Fire Emblem Engage
3%
20 Kirby's Return to Dreamland Deluxe
3%
8 Overcooked 2
3%
9 Super Mario RPG
3%
15 Clubhouse Games: 51 classiques mondiaux
0%
5 Dragon Quest Monsters: The Dark Prince
0%
23 Human Fall Flat
0%
19 Megaman Battle Network Legacy Collection Vol.1
0%
14 Megaman Battle Network Legacy Collection Vol.2
0%
25 Momotaro Dentestu World: Chikyuu wa Kibou de Mawatteru
0%
30 Momotaru Dentetsu: Showa, Heisei, Reiwa mo Teiban
0%
11 Monster Huter Rise
0%
22 Persona 4 Golden
0%
17 Phoenix Wright: Trilogie Ace Attorney
0%
1 Suika game
0%
Aucun quiz correspondant
Distribution des résultats
% des personnes avec chaque résultat
Percentile par nombre de réponses
Votre historique - résultats
Vous n’avez pas pris ce quiz